000 00617nam a2200193Ia 4500
005 20250508161934.0
008 008 250505s9999 xx 000 0 eng d
037 _aDissertations
040 _aFEDL
_beng
_cFEDL
041 _aeng
_2eng
084 _a371.81, SEH/DI
_qFEDL
100 _aSehgal Parvesh
_9771851
245 0 _aConstruction of a scale for attitude of B. N. C. university students towards dowry system
260 _c1977
300 _a94p.
546 _aM. Ed. Dissertation (B. N. C. University, Kurukshetra, Haryana)
942 _cDIS
_h371.81, SEH/DI
999 _c1373362
_d1373362